| 000 | 00940nam a22001937a 4500 | ||
|---|---|---|---|
| 003 | peliumch | ||
| 005 | 20260220165612.0 | ||
| 008 | 260220b |||||||| |||| 00| 0 spa d | ||
| 020 | _a9786124395802 | ||
| 040 |
_bspa _cumch _djcz _erda |
||
| 082 | _a801.95/P525 | ||
| 110 | _aFundación BBVA | ||
| 245 |
_aLa palabra es fuego/ _bMario Vargas Llosa en el Hay Festival _cFondo de Cultura Económica |
||
| 260 |
_aLima: _bFundación BBVA Perú, _c2025 |
||
| 300 | _a228 p. | ||
| 520 | _aConversaciones con Héctor Abad Faciolince, Katya Adaui, Mariana de Althaus, J.J. Armas Marcelo, Julian Barnes, Renato Cisneros, Alonso Cueto, Peter Florence, Jeremías Gamboa, Carlos Granés, Leila Guerriero, Bronwen Maddox, Gerald Martin, Javier Moreno Barber, Rosa María Palacios, Marianne Ponsford, Santiago Roncagliolo, Salman Rushdie, Yoani Sánchez, Raúl Tola, Sergio Vilela. | ||
| 650 |
_vCrítica Literaria _xLiteratura |
||
| 942 |
_2ddc _cLIB _n0 |
||
| 999 |
_c53633 _d53633 |
||